Indian economics (Record no. 6369)

MARC details
000 -LEADER
fixed length control field 00553cam a2200229ua 4500
001 - CONTROL NUMBER
control field 7249
005 - DATE AND TIME OF LATEST TRANSACTION
control field 20260515114157.0
008 - FIXED-LENGTH DATA ELEMENTS--GENERAL INFORMATION
fixed length control field 141205n ii |||gr||||Z||||||eng
020 ## - INTERNATIONAL STANDARD BOOK NUMBER
International Standard Book Number 8121904358
040 ## - CATALOGING SOURCE
Transcribing agency MAIN
041 ## - LANGUAGE CODE
Language code of text/sound track or separate title eng
082 ## - DEWEY DECIMAL CLASSIFICATION NUMBER
Classification number 330.954
100 ## - MAIN ENTRY--PERSONAL NAME
Personal name Dewett, K.K.,
Relator term Author.
245 ## - TITLE STATEMENT
Title Indian economics
Statement of responsibility, etc. By K.K. Dewett
250 ## - EDITION STATEMENT
Edition statement 41th rev.
260 ## - PUBLICATION, DISTRIBUTION, ETC.
Place of publication, distribution, etc. New Delhi:
Name of publisher, distributor, etc. Shyam lal,
Date of publication, distribution, etc. 1995.
300 ## - PHYSICAL DESCRIPTION
Extent 690p.
653 ## - INDEX TERM--UNCONTROLLED
Uncontrolled term Indian economics
700 ## - ADDED ENTRY--PERSONAL NAME
Personal name Varma, J.D.,
Relator term Author.
700 ## - ADDED ENTRY--PERSONAL NAME
Personal name Sharma, M.L.,
Relator term Author.
942 ## - ADDED ENTRY ELEMENTS (KOHA)
Koha item type Books
Holdings
Withdrawn status Lost status Damaged status Not for loan Home library Current library Shelving location Date acquired Total checkouts Full call number Barcode Date last seen Copy number Price effective from Koha item type
        Naharkatiya College Library Naharkatiya College Library General stacks 09/19/2020   330.954 | DEW 15757 09/19/2020 3 09/19/2020 Books
        Naharkatiya College Library Naharkatiya College Library General stacks 09/19/2020   330.954 | DEW 2866 09/19/2020 2 09/19/2020 Books
        Naharkatiya College Library Naharkatiya College Library General stacks 09/19/2020   330.954 | DEW 2867 09/19/2020 1 09/19/2020 Books